| 000 | 01006nam a22002892a 4500 | ||
|---|---|---|---|
| 999 |
_c10070 _d10070 |
||
| 001 | 10070 | ||
| 003 | BD - JhCC | ||
| 005 | 20180405105926.0 | ||
| 008 | 180405s1967 enka 000 0 eng d | ||
| 035 |
_aOCLC ocm11966027 from D960112M _a(BD - JhCC)10070 |
||
| 040 |
_aCDS _cCDS _dUKM _dEQO _dBD - JhCC |
||
| 041 | 1 |
_aeng _hger |
|
| 082 |
_a759.9/3 _218 _bKAH 1967 |
||
| 090 |
_aND70 _b.K3 |
||
| 100 | 1 | _aKahane, P. P. | |
| 245 | 1 | 0 |
_aAncient and classical art / _cby P.P. Kahane. [Translated from the German by Robert Erich Wolf] |
| 260 |
_aLondon : _bThames and Hudson, _c1967. |
||
| 300 |
_a202 p. _b172 col. illus. _c17 cm |
||
| 490 | 1 |
_aDolphin history of painting ; _vv. 1 |
|
| 500 | _aOriginally published as part of one volume entitled 20,000 years of world painting, edited by Hans L.C. Jaffé | ||
| 650 | 0 | _aPainting, Ancient | |
| 650 | 0 | _aPainting, Greco-Roman | |
| 700 | 1 | _aJaffé, Hans Ludwig C. | |
| 830 | 0 |
_aDolphin history of painting ; _vv. 1 |
|
| 942 |
_2ddc _cREF |
||